Águias de Bonelli (Registo nº 200173)
[ vista simples ]
| 000 -Etiqueta do registo | |
|---|---|
| Valores | 00855nam 22002773 4500 |
| 010 ## - Número ISBN | |
| ISBN | 978-972-8720-11-7 |
| 021 ## - Número do Depósito Legal | |
| Código do país | Portugal |
| Número | 264969/07 |
| 100 ## - Dados gerais de processamento | |
| Dados gerais | 20260126d u||y0pory50 ba |
| 200 ## - Titulo e menção de responsabilidade | |
| Título próprio | Águias de Bonelli |
| Primeira menção de responsabilidade | Paulo Caetano |
| Outras menções de responsabilidade | fotografia Joaquim Pedro Ferreira, João Cosme ; prefácio Mia Couto |
| 205 ## - Menção da edição | |
| Edição | 1ª |
| 210 ## - Publicação | |
| Local de publicação | [S.l.] |
| Nome do editor | Má Criação |
| Data de publicação | 2007 |
| 215 ## - Descrição física | |
| Paginação / Volumes | 200 p. |
| Outras indicações físicas | il., fot. ; brochado |
| Dimensões | 29 cm |
| 304 ## - Nota relativa ao título | |
| Texto de nota | Águias de Bonelli em Portugal |
| 606 ## - Nome comum usado como assunto | |
| ID Autoridade | 1366 |
| Palavra de ordem | Zoologia |
| Subdivisão assunto | Aves |
| 675 ## - CDU | |
| Notação | 598.2(469) |
| Edição | PT |
| Língua | por |
| 675 ## - CDU | |
| Notação | 591.5(469) |
| Edição | PT |
| Língua | por |
| 675 ## - CDU | |
| Notação | 591.9(469) |
| Edição | PT |
| Língua | por |
| 700 ## - Autor principal (pessoa individual) | |
| ID Autoridade | 4909 |
| Apelido | Caetano |
| Nome | Paulo |
| 702 ## - Autor secundário (pessoa individual) | |
| ID Autoridade | 4910 |
| Apelido | Ferreira |
| Nome | Joaquim Pedro |
| 702 ## - Autor secundário (pessoa individual) | |
| ID Autoridade | 11996 |
| Apelido | Cosme |
| Nome | João |
| 702 ## - Autor secundário (pessoa individual) | |
| ID Autoridade | 1018 |
| Apelido | Couto |
| Nome | Mia |
| Datas | 1955- |
| 801 ## - Fonte de origem | |
| País | PT |
| Agência | BMMN |
| Regras de catalogação | RPC |
| 830 ## - Notas gerais do catalogador | |
| Criado por | Ana |
| Indexado por | Ana |
| 990 ## - Elementos KOHA | |
| Tipo de documento | Livro |
| Situação do levantamento | Biblioteca de origem | Código de barras | Cota | Permissão de empréstimo | Tipo de documento | Forma de aquisição |
|---|---|---|---|---|---|---|
| Biblioteca Municipal de Montemor-o-Novo | 29279 | 598.2 CAE|DEP | Livro | Compra |